<?xml version="1.0" encoding="UTF-8"?>
<collection xmlns="http://www.loc.gov/MARC21/slim">
  <record>
    <leader>00000nam  2200000   4500</leader>
    <controlfield tag="001">$a INLIS000000000008402</controlfield>
    <controlfield tag="005">$a 20260604142741</controlfield>
    <controlfield tag="008">$a 260604################g##########0#ind##</controlfield>
    <datafield tag="022" ind1="#" ind2="#">
      <subfield code="a">978-797-448-832-4</subfield>
    </datafield>
    <datafield tag="035" ind1="#" ind2="#">
      <subfield code="a">0010-0626000029</subfield>
    </datafield>
    <datafield tag="082" ind1="#" ind2="#">
      <subfield code="a">618.2</subfield>
    </datafield>
    <datafield tag="084" ind1="#" ind2="#">
      <subfield code="a">618.2 BIL k</subfield>
    </datafield>
    <datafield tag="100" ind1=" " ind2="#">
      <subfield code="a">Billington, Mary</subfield>
    </datafield>
    <datafield tag="245" ind1="#" ind2="#">
      <subfield code="a">Kegawatan dalam kehamilan persalinan</subfield>
      <subfield code="b">buku saku bidan</subfield>
      <subfield code="c">Billington, Mary</subfield>
    </datafield>
    <datafield tag="247" ind1="#" ind2="#">
      <subfield code="a"/>
    </datafield>
    <datafield tag="260" ind1="#" ind2="#">
      <subfield code="a">Jakarta</subfield>
      <subfield code="b">EGC</subfield>
      <subfield code="c">2007</subfield>
    </datafield>
    <datafield tag="300" ind1="#" ind2="#">
      <subfield code="a">xiv, 367hlm</subfield>
      <subfield code="b">ilus</subfield>
      <subfield code="c">21cm</subfield>
      <subfield code="e"/>
    </datafield>
    <datafield tag="310" ind1="#" ind2="#">
      <subfield code="a"/>
    </datafield>
    <datafield tag="321" ind1="#" ind2="#">
      <subfield code="a"/>
    </datafield>
    <datafield tag="520" ind1=" " ind2="#">
      <subfield code="a">buku ini mengkaji semua aspek asuhan untuk wanita hamil dan melahirkan yang menjadi sakit akibat kondisi sebelumnya atau memiliki penyakit yang berkembang akibat komplikasi kehamilan</subfield>
    </datafield>
    <datafield tag="650" ind1=" " ind2="#">
      <subfield code="a">kebidanan</subfield>
    </datafield>
    <datafield tag="700" ind1=" " ind2="#">
      <subfield code="a">Stevenson, Mandy</subfield>
    </datafield>
    <datafield tag="856" ind1="#" ind2="#">
      <subfield code="a"/>
    </datafield>
    <controlfield tag="Wor">$a 1</controlfield>
  </record>
</collection>
